000
00198nam a22000857a 4500
008
160628b xxu||||| |||| 00| 0 eng d
100
_9
1252
_a
Igen, B
245
_a
Chandrashekhar Azad
260
_a
D
_b
Manoj
999
_c
1026
_d
1026